000 01693nam0a2200337 4500
001 RU\NLR\bibl\190406
005 20260407135202.0
010 _a5-02-008365-8
_9430
021 _aRU
_b2000-54479
_92519
035 _a(NLR Aleph) 000186930
090 _a1080194
_c1080194
100 _a20011008d2000 |||y0rusy50 ca
101 0 _arus
102 _aRU
105 _ay |||||||||
200 1 _aСША и Европа
_eПерспективы взаимоотношений на рубеже веков
_f[А.И. Уткин, О.В. Приходько, П.Е. Смирнов и др.]
_gРос. акад. наук, Ин-т Соедин. Штатов Америки и Канады
210 _aМ.
_cНаука
_d2000
215 _a190, [2] с.
_d22
320 _aБиблиогр. в конце глав
607 _aСоединенные Штаты Америки
_jСборники
_xВнешняя политика
_yЕвропейские страны
_z1990-ые гг.
_92224110
_3RU\NLR\auth\661335297
686 _aТ3(7США)63-6я43
701 1 _4070
_8rus
_7ca
_aУткин
_bА. И.
_cд-р ист. наук, внешняя политика США
_f1944-2010
_gАнатолий Иванович
_3RU\NLR\AUTH\7784882
_967810
701 1 _aПриходько
_bО. В.
_4070
701 1 _4070
_8rus
_7ca
_aСмирнов
_bП. Е.
_cисторик-международник
_f1960-
_gПавел Евгеньевич
_3RU\NLR\auth\7782683
_965611
712 0 2 _4570
_aИнститут США и Канады
_cМосква
_3RU\NLR\AUTH\8810003742
_9504774
801 0 _aRU
_bNLR
_c20011008
_gPSBO
801 1 _aRU
_bNLR
_c20011008
942 _cBOOK
980 _aNB